Diccionario histórico argentino : tomo iii /

Guardado en:
Autor Principal: Piccirilli, Ricardo
Otros Autores: Romay, Francisco L., Gianello, Leoncio
Formato: Libro
Publicado: Buenos Aires : Ediciones históricas argentinas
Materias:
Etiquetas: Agregar Etiqueta
Sin Etiquetas, Sea el primero en etiquetar este registro!
LEADER 00724nam a22002175a 4500
001 CEM.cems012700
005 20070905181300.0
008 130507b######################000#0#####d
003 CEMS
082 0 4 |a C982.003 
100 1 |a Piccirilli, Ricardo 
245 1 0 |a Diccionario histórico argentino :  |b tomo iii /  |c Dirección de Ricardo Piccirilli, Francisco L. Romay, Leoncio Gianello 
260 |a Buenos Aires :  |b Ediciones históricas argentinas 
300 |a 795 p. 
505 0 |a Letras D-F 
653 |a Historia argentina 
653 |a Diccionario 
653 |a Diccionario-historia argentina 
700 1 |a Romay, Francisco L. 
700 1 |a Gianello, Leoncio 
859 |a CEMS  |b BIB. CEMS - 11 de abril  |h C982.003  |i P581  |p 94.73  |t Ej.1  |v 3  |3 3